Salmi inversi /
Guardat en:
| Autor principal: | |
|---|---|
| Altres autors: | |
| Format: | Llibre |
| Idioma: | anglès |
| Publicat: |
Venezia
Editoria Universitaria
1991
|
| Etiquetes: |
Sense etiquetes, Sigues el primer a etiquetar aquest registre!
|
MARC
| LEADER | 00000nam a2200000 4500 | ||
|---|---|---|---|
| 001 | CDOM0000002205 | ||
| 003 | mi | ||
| 005 | 20251010162426.0 | ||
| 008 | 251010b |||||||| |||| 00| 0 eng d | ||
| 040 | |c mi | ||
| 100 | |a Lucchesino, Lucia | ||
| 245 | 1 | |a Salmi inversi / |c Lucia Lucchesino ; pref. di Mirella Toso | |
| 260 | |a Venezia |b Editoria Universitaria |c 1991 | ||
| 300 | |a 49 p. ; |c 21 cm. | ||
| 700 | |a Toso, Mirella | ||
| 942 | |2 ddc |c BK | ||
| 952 | |0 0 |1 0 |2 ddc |4 0 |6 B_LPS01LUCLUSAL11 |7 0 |9 5852 |a MI |b MI |d 2006-03-17 |i 5096 |l 0 |o B-LPS01-LUCLU-SAL11 |p CDOM5096 |r 2025-07-13 16:28:00 |w 2025-07-13 |x DONO |y BK | ||
| 999 | |c 4672 |d 4672 | ||